| 000 | 00353 a2200145 4500 | ||
|---|---|---|---|
| 001 | 151353 | ||
| 040 | _cEscola São Tomás de Aquino | ||
| 100 | _aCRUZ, Therezinha M. L. da | ||
| 240 | 1 | 0 |
_aIndiferente...será inteligente? _lpor |
| 245 | 1 | 0 | _aIndiferente...será inteligente? |
| 362 | 0 | _a2004 | |
| 440 | 1 | _aFTD | |
| 697 | _aRELIGIÃO | ||
| 942 | _cBK | ||
| 999 |
_c151353 _d151353 |
||